MARC details
| 000 -LEADER |
| fixed length control field |
03307cam a22003615a 4500 |
| 001 - CONTROL NUMBER |
| control field |
11815287 |
| 005 - DATE AND TIME OF LATEST TRANSACTION |
| control field |
20181031155338.0 |
| 008 - FIXED-LENGTH DATA ELEMENTS--GENERAL INFORMATION |
| fixed length control field |
991020s2000 nyua frb 001 0 eng d |
| 010 ## - LIBRARY OF CONGRESS CONTROL NUMBER |
| LC control number |
99054630 |
| 020 ## - INTERNATIONAL STANDARD BOOK NUMBER |
| International Standard Book Number |
0471348791 (cloth : acid-free paper) |
| 020 ## - INTERNATIONAL STANDARD BOOK NUMBER |
| International Standard Book Number |
9780471348795 |
| 040 ## - CATALOGING SOURCE |
| Original cataloging agency |
DLC |
| Language of cataloging |
eng |
| Transcribing agency |
DLC |
| Modifying agency |
DLC |
| -- |
EG-ScBUE |
| 082 04 - DEWEY DECIMAL CLASSIFICATION NUMBER |
| Classification number |
658.5 |
| Item number |
KUS |
| Edition number |
22 |
| 100 1# - MAIN ENTRY--PERSONAL NAME |
| Personal name |
Kusiak, Andrew. |
| 9 (RLIN) |
41861 |
| 245 10 - TITLE STATEMENT |
| Title |
Computational intelligence in design and manufacturing / |
| Statement of responsibility, etc |
Andrew Kusiak. |
| 260 ## - PUBLICATION, DISTRIBUTION, ETC. (IMPRINT) |
| Place of publication, distribution, etc |
New York : |
| Name of publisher, distributor, etc |
John Wiley & Sons, |
| Date of publication, distribution, etc |
2000. |
| 300 ## - PHYSICAL DESCRIPTION |
| Extent |
xx, 535 p. : |
| Other physical details |
ill. ; |
| Dimensions |
24 cm. |
| 500 ## - GENERAL NOTE |
| General note |
"A Wiley-Interscience publication." |
| 504 ## - BIBLIOGRAPHY, ETC. NOTE |
| Bibliography, etc |
Includes bibliographical references and index. |
| 505 0# - FORMATTED CONTENTS NOTE |
| Title |
Modern Manufacturing --<br/> |
| -- |
Integration --<br/> |
| -- |
Robotics --<br/> |
| -- |
Material Handling and Storage Technology --<br/>Material Handling Technology --<br/> |
| -- |
Automated Storage Systems --<br/>Control Systems --<br/>Information Systems --<br/> |
| -- |
Network Compatibility --<br/> |
| -- |
Interface Standards --<br/>Intelligent Data Systems --<br/> |
| -- |
Computational Intelligence --<br/>Impact of Manufacturing Technology --<br/> |
| -- |
Product Life Cycle --<br/>Management --<br/>Human Dimension --<br/> |
| -- |
Design of Modern Manufacturing Systems --<br/>Machining Systems --<br/>Assembly Systems --<br/>Process Planning for Assembly Systems --<br/> |
| -- |
Organization and Product Evaluation Standards --<br/> |
| -- |
The Future of Manufacturing Enterprises --<br/>Enterprise Attributes --<br/> |
| -- |
Manufacturing Technology --<br/> |
| -- |
Knowledge-Based Systems --<br/>Knowledge Representation --<br/> |
| -- |
First-Order Logic --<br/> |
| -- |
Production Rules --<br/>Frames --<br/> |
| -- |
Semantic Networks --<br/>Inference Engine --<br/> |
| -- |
Basic Reasoning Strategies --<br/>Uncertainty in Rule Bases --<br/> |
| -- |
Other Search Strategies --<br/>Depth-First and Breadth-First Search Strategies --<br/> |
| -- |
Optimization and Knowledge-Based Systems --<br/>Knowledge Acquisition --<br/>Knowledge Consistency --<br/> |
| -- |
Detection of Anomaly Rules with Simple Action Clauses --<br/>Grouping Rules with Compound Condition and Action Clauses --<br/> |
| -- |
Inference Anomalies in Rule Bases --<br/>Features in Design and Manufacturing -- |
| -- |
Fundamentals of Requirements, Features, and Functions --<br/>Requirement Space --<br/>Fundamentals of Features --<br/> |
| -- |
Classification of Feature-Related Functions --<br/>Mapping of Requirements and Functions --<br/>Relations --<br/>Function Relations --<br/>Problem Statement --<br/>Classification of Function Relations |
| 520 ## - SUMMARY, ETC. |
| Summary, etc |
The design of products, processes, and systems is the focus of successful time-based competition. This design process which focuses on problem-solving and continued innovation brings together a multitude of variables, including customer needs, scheduling, modeling, and process analysis, which must be implemented concurrently to be successful. |
| 650 #7 - SUBJECT ADDED ENTRY--TOPICAL TERM |
| Topical term or geographic name as entry element |
Production management. |
| Source of heading or term |
BUEsh |
| 650 #7 - SUBJECT ADDED ENTRY--TOPICAL TERM |
| Topical term or geographic name as entry element |
Computational intelligence. |
| Source of heading or term |
BUEsh |
| 9 (RLIN) |
5780 |
| 650 #7 - SUBJECT ADDED ENTRY--TOPICAL TERM |
| Topical term or geographic name as entry element |
Computer integrated manufacturing systems. |
| Source of heading or term |
BUEsh |
| 650 #7 - SUBJECT ADDED ENTRY--TOPICAL TERM |
| Topical term or geographic name as entry element |
Engineering design. |
| Source of heading or term |
BUEsh |
| 651 ## - SUBJECT ADDED ENTRY--GEOGRAPHIC NAME |
| Source of heading or term |
BUEsh |
| 653 ## - INDEX TERM--UNCONTROLLED |
| Resource For college |
Engineering, General |
| -- |
Informatics and Computer Science |
| Arrived date list |
October2018 |
| 655 ## - INDEX TERM--GENRE/FORM |
| Form subdivision |
Reading book |
| 856 42 - ELECTRONIC LOCATION AND ACCESS |
| Materials specified |
Contributor biographical information |
| Uniform Resource Identifier |
<a href="http://www.loc.gov/catdir/bios/wiley042/99054630.html">http://www.loc.gov/catdir/bios/wiley042/99054630.html</a> |
| 856 42 - ELECTRONIC LOCATION AND ACCESS |
| Materials specified |
Publisher description |
| Uniform Resource Identifier |
<a href="http://www.loc.gov/catdir/description/wiley034/99054630.html">http://www.loc.gov/catdir/description/wiley034/99054630.html</a> |
| 856 4# - ELECTRONIC LOCATION AND ACCESS |
| Materials specified |
Table of Contents |
| Uniform Resource Identifier |
<a href="http://www.loc.gov/catdir/toc/onix05/99054630.html">http://www.loc.gov/catdir/toc/onix05/99054630.html</a> |
| 942 ## - ADDED ENTRY ELEMENTS (KOHA) |
| Source of classification or shelving scheme |
Dewey Decimal Classification |